书目信息 |
| 题名: |
清洁生产导论
|
|
| 作者: | 闫逊 , 冯晓翔 翔著 | |
| 分册: | ||
| 出版信息: | 北京 中央民族大学出版社 2018.06 |
|
| 页数: | 328页 | |
| 开本: | 24cm | |
| 丛书名: | ||
| 单 册: | ||
| 中图分类: | X383 | |
| 科图分类: | ||
| 主题词: | 无污染工艺--高等学校--教材 | |
| 电子资源: | ||
| ISBN: | 978-7-5660-0806-0 | |
| 000 | 01118nam0 2200229 450 | |
| 001 | 5496 | |
| 005 | 20181016095307.09 | |
| 010 | @a978-7-5660-0806-0@dCNY68.00 | |
| 100 | @a20140912d2018 em y0chiy0110 ea | |
| 101 | 0 | @achi |
| 102 | @aCN@b110000 | |
| 105 | @ay z 000yy | |
| 200 | 1 | @a清洁生产导论@9qing jie sheng chan dao lun@f闫逊,冯晓翔著 |
| 210 | @a北京@c中央民族大学出版社@d2018.06 | |
| 215 | @a328页@d24cm | |
| 330 | @a本书在转变人类社会经济发展与生产模式的层面上,立足于全球清洁生产的整体发展动态,阐述了清洁生产产生的背景、清洁生产的内涵与理论基础;从生产过程、产品、产业系统以及促进清洁生产的政策工具等方面论述了清洁生产的基本内容和技术方法;最后以循环经济概括了的清洁生产的发展态势。该书注重内容的系统性、综合性、前沿性、开放性,同时满足对多学科高等院校学生使用学习的适应性。本教材可供高等院校工程技术、经济管理、法律政策等关注可持续发展的各类专业学生使用,同时可供相关学科领域以及社会读者阅读参考。 | |
| 606 | 0 | @a无污染工艺@x高等学校@j教材 |
| 690 | @aX383@v4 | |
| 701 | 0 | @a闫逊@9yan xun@4翔著 |
| 701 | 0 | @a冯晓翔@9feng xiao xiang@4著 |
| 801 | 0 | @aCN@b91采访@c20140912 |
| 905 | @aMuseLib@dX383@e270 | |
| 清洁生产导论/闫逊,冯晓翔著.-北京:中央民族大学出版社,2018.06 |
| 328页;24cm |
| ISBN 978-7-5660-0806-0:CNY68.00 |
| 本书在转变人类社会经济发展与生产模式的层面上,立足于全球清洁生产的整体发展动态,阐述了清洁生产产生的背景、清洁生产的内涵与理论基础;从生产过程、产品、产业系统以及促进清洁生产的政策工具等方面论述了清洁生产的基本内容和技术方法;最后以循环经济概括了的清洁生产的发展态势。该书注重内容的系统性、综合性、前沿性、开放性,同时满足对多学科高等院校学生使用学习的适应性。本教材可供高等院校工程技术、经济管理、法律政策等关注可持续发展的各类专业学生使用,同时可供相关学科领域以及社会读者阅读参考。 |
| ● |
| 相关链接 |
|
|
|
|
正题名:清洁生产导论
索取号:X383/270
 
预约/预借
| 序号 | 登录号 | 条形码 | 馆藏地/架位号 | 状态 | 备注 |
| 1 | 1129995 | 211299959 | 第二样本阅览室/ [索取号:X383/270] | 在馆 | |
| 2 | 1129996 | 211299968 | 第三借阅区/ [索取号:X383/270] | 在馆 | |
| 3 | 1129997 | 211299977 | 第三借阅区/ [索取号:X383/270] | 在馆 | |
| 4 | 1129998 | 211299986 | 第三借阅区/ [索取号:X383/270] | 在馆 | |
| 5 | 1129999 | 211299995 | 密集书库-资源管理系/ [索取号:X383/270] | 在馆 |